| 000 | 00488nam a22001937a 4500 | ||
|---|---|---|---|
| 003 | LK-CoDNM | ||
| 005 | 20250116124357.0 | ||
| 008 | 250110b |||||||| |||| 00| 0 eng d | ||
| 040 |
_aLK-CoDNM _dLK-CoDNM _eLK-CoDNM |
||
| 041 | _aeng | ||
| 080 |
_a10 _bE13 |
||
| 100 | _aHOWARTH E | ||
| 245 | _aREPORT OF PROCEEDINGS WITH THE PAPERS READ | ||
| 260 |
_c1900 _aLONDON _bDULAU |
||
| 300 | _aXX, 192p. : ill ; 25 cm | ||
| 650 | _aScience | ||
| 700 | _aTHOMSON,ARTHUR J | ||
| 942 | _cBK | ||
| 999 |
_c236521 _d236521 |
||